Diseño de un sistema de planeamiento y programación de recursos de manufactura para C&K Components S.A
Sábháilte in:
| Príomhchruthaitheoir: | |
|---|---|
| Rannpháirtithe: | |
| Formáid: | LEABHAR |
| Foilsithe / Cruthaithe: |
San José, C.R.
2000
|
| Ábhair: | |
| Clibeanna: |
Cuir clib leis
Níl clibeanna ann, Bí ar an gcéad duine le clib a chur leis an taifead seo!
|
MARC
| LEADER | 00000nam a2200000Ia 4500 | ||
|---|---|---|---|
| 003 | 010149 | ||
| 005 | 20221231144210.0 | ||
| 008 | 140114s2000 cr a m 000 ||s d | ||
| 040 | |c cru CEDI | ||
| 090 | |a TFG 4129 | ||
| 100 | |a Cruz Barboza, Warner |9 8297 | ||
| 245 | |a Diseño de un sistema de planeamiento y programación de recursos de manufactura para C&K Components S.A | ||
| 260 | |c 2000 |a San José, C.R. | ||
| 300 | |a xii, 137 hojas : ilustraciones a color | ||
| 500 | |a Proyecto de graduación (licenciatura en ingeniería industrial)--Universidad de Costa Rica. Facultad de Ingeniería. Escuela de Ingeniería Industrial | ||
| 650 | |x CONTROL DE COSTOS |x CONTROL DE INVENTARIOS |x SISTEMAS DE INFORMACION EN TECNOLOGIA |x PLANIFICACION EMPRESARIAL |x PRODUCCION (TEORIA ECONOMICA) |x CONTROL |x PLANIFICACION DE LA PRODUCCION |9 8299 | ||
| 700 | |9 8298 |a González Pérez, Bernardo | ||
| 942 | |c TFG | ||
| 999 | |c 18332 |d 18332 | ||
